000 00368pab a2200157 454500
008 180718b2014 xxu||||| |||| 00| 0 eng d
100 _aLeigh, Ian
245 _aLocal government and political constitutionalism
260 _c2014
300 _ap.43-55.
362 _aJan
650 _aLocal government
773 _aPublic Law
908 _aN
909 _a105372
999 _c105367
_d105367